| 000 | 00956cam a22002531 4500 | ||
|---|---|---|---|
| 001 | gs 34000069 | ||
| 003 | DLC | ||
| 005 | 20260227111338.0 | ||
| 008 | 811002s1922 cc a f000 0 ger c | ||
| 010 | _ags 34000069 | ||
| 035 | _a(OCoLC)7811106 | ||
| 040 |
_aLibrary, U.S. Geological Survey _cTxU _dDLC |
||
| 042 | _apremarc | ||
| 050 | 0 | 0 |
_aQE756.C6 _bA3 ser. A, vol. 1, fasc. 1 |
| 100 | 1 |
_aFlorin, Rudolf, _d1894-1965. |
|
| 245 | 1 | 0 |
_aZur alttertiären flora der südlichen Mandschurei, _cvon Rudolf Florin in Stockholm. Mit tafel I-III und 3 textfiguren. |
| 260 |
_aPeking, _bPublished by the Geological survey of China, _c1922. |
||
| 300 |
_a2 p. l., 52, [8] p. _billus., 3 pl. _c29 cm. |
||
| 410 | 1 | 0 |
_aChina. _bGeological Survey. _tPalæontologia sinica, _nser. A, _vvol. I, fasc. 1 |
| 500 | _aLast 8 p. in Chinese. | ||
| 504 | _a"Literaturverzeichnis": p. 35-44. | ||
| 650 | 0 |
_aPaleobotany _zChina _zManchuria. |
|
| 650 | 0 |
_aPaleobotany _yTertiary. |
|
| 999 |
_c27081 _d27081 |
||